Statistics for Top 4 from czech 1st league every year since 1993

Click here to take the quiz!

General Stats

  • This quiz has been taken 7 times
  • The average score is 25 of 30

Answer Stats

Year1st2nd3rd4th% Correct
2012/13Viktoria PlzenSparta PrahaSlovan LiberecJablonec
100%
2019/20Slavia PrahaViktoria PlzenSparta PrahaJablonec
100%
2014/15Viktoria PlzenSparta PrahaJablonecMlada Boleslav
100%
2016/17Slavia PrahaViktoria PlzenSparta PrahaMlada Boleslav
100%
2015/16Viktoria PlzenSparta PrahaSlovan LiberecMlada Boleslav
100%
2011/12Slovan LiberecSparta PrahaViktoria PlzenMlada Boleslav
100%
2003/04Banik OstravaSparta PrahaSigma OlomoucSlavia Praha
100%
1994/95Sparta PrahaSlavia PrahaZbrojovka BrnoSlovan Liberec
100%
2013/14Sparta PrahaViktoria PlzenMlada BoleslavSlovan Liberec
100%
2006/07Sparta PrahaSlavia PrahaMlada BoleslavSlovan Liberec
100%
2002/03Sparta PrahaSlavia PrahaViktoria ZizkovSlovan Liberec
100%
1995/96Slavia PrahaSigma OlomoucJablonecSparta Praha
100%
2005/06Slovan LiberecMlada BoleslavSlavia PrahaTeplice
100%
2009/10Sparta PrahaJablonecBanik OstravaTeplice
100%
2018/19Slavia PrahaViktoria PlzenSparta PrahaBanik Ostrava
80%
1997/98Sparta PrahaSlavia PrahaSigma OlomoucBanik Ostrava
80%
1993/94Sparta PrahaSlavia PrahaUnion ChebBanik Ostrava
80%
2017/18Viktoria PlzenSlavia PrahaJablonecSigma Olomouc
80%
2008/09Slavia PrahaSparta PrahaSlovan LiberecSigma Olomouc
80%
2010/11Viktoria PlzenSparta PrahaJablonecSigma Olomouc
80%
2004/05Sparta PrahaSlavia PrahaTepliceSigma Olomouc
80%
1998/99Sparta PrahaSlavia PrahaTepliceSigma Olomouc
80%
1996/97Sparta PrahaSlavia PrahaJablonecSigma Olomouc
80%
2007/08Slavia PrahaSparta PrahaBanik OstravaZbrojovka Brno
80%
1999/00Sparta PrahaSlavia PrahaDrnoviceZbrojovka Brno
80%
2020/21Slavia PrahaSparta PrahaJablonecSlovacko
60%
2021/22Viktoria PlzenSlavia PrahaSparta PrahaSlovacko
60%
2000/01Sparta PrahaSlavia PrahaSigma OlomoucPribram
40%
2001/02Slovan LiberecSparta PrahaViktoria ZizkovBohemians Praha 1905
20%
2022/23Sparta PrahaSlavia PrahaViktoria PlzenBohemians Praha 1905
20%

Score Distribution

Percentile by Number Answered

Percent of People with Each Score

Your Score History

You have not taken this quiz